| 000 | 00734nam a2200181Ia 4500 | ||
|---|---|---|---|
| 003 | GCL | ||
| 008 | 140319s9999 xx 000 0 ara d | ||
| 040 |
_aGCL / _cGCL |
||
| 082 | 0 | 4 |
_aد _b050 |
| 100 | 1 | _aابراهيم عبدالله غلوم | |
| 245 | 1 | 0 |
_aالمسرح والتغير الاجتماعى فى الخليج العربى ( عالم المعرفة105 ) : _bدراسة فى سوسيولوجيا التجربة المسرحية فى الكويت والبحرين / _cابراهيم عبدالله غلوم |
| 300 | _a400ص | ||
| 490 |
_aعالم المعرفة _v0 |
||
| 650 | 0 | 4 | _aالكويت |
| 650 | 0 | 4 | _aالمسرح - الجوانب السياسية |
| 650 | 0 | 4 | _aالمسرح - البحرين |
| 942 |
_2ddc _cBK |
||
| 999 |
_c50437 _d50437 |
||